000 00391nam a22001697a 4500
003 UA-OsUOA
001 1998
007 ta
008 20050721b un ||||| |||| 00| 0 ukr d
100 _aKaufmann
700 _aWilliam W.
942 _cBK
040 _aUA-OsUOA
_cUA-OsUOA
_dUA-OsUOA
245 _aGlasnost, perestroika, and U. S. defense spending.
_bPolitics
955 _a2
650 7 _2UDC
999 _c288160
_d288160